Responses for show #2856 - Monday, January 20, 1997

Contestants

[<< previous game]

Kevin Jack, a law student from Chicago, Illinois

Breck Jeffery, a research analyst from Kailua, Hawaii

Pam Wilson, an editor from Los Angeles, California (whose 1-day cash winnings total $10,000)

[next game >>]

Jeopardy! Round responses

DESERT LIFE
LANGUAGES
TOP MODELS
STATE CAPITALS
WEIGHTS & MEASURES
6-LETTER WORDS
    $100 11
Camels

Kevin
    $100 1
Laos

Breck
    $100 16
Sports Illustrated

Kevin
    $100 6
Denver

Pam
    $100 21
14

Kevin
    $100 26
Mantle

Pam
    $200 12
(K: What is a diamondback?)

Sidewinder

BreckKevin
    $200 2
Latin

Breck
    $200 17
Cigars

Kevin
    $200 7
Columbus

Breck
    $200 22
Liters

Kevin
    $200 27
Bureau

Pam
    $300 13
Lizards

Triple Stumper
    $300 3
(P: What is Romania?)

Switzerland

PamBreck
    $300 18
Elle Macpherson

Kevin
    $300 8
Bismarck

Pam
    $300 23
144

Breck
    $300 28
Motley

Kevin
    $1,000 14
Bedouins

Breck
    $400 4
Yiddish

Pam
    $400 19
Bo Derek

Kevin
    $400 9
Montpelier

Pam
    $400 24
Furlong

Breck
    $400 29
Bonsai

Breck
    $500 15
(B: What is saguaro?)

Joshua Tree

BreckKevin
    $500 5
Taiwan

Breck
    $500 20
(P: Who is Oman?)
(Alex: I suspect you were thinking of Iman, not Oman...)

Naomi Campbell

Pam
Triple Stumper
    $500 10
Carson City

Kevin
    $500 25
(Alex: Breck was counting there, but not enough time to count all of it!)

16

Triple Stumper
    $500 30
Patina

Pam

Scores at the first commercial break (after clue 14):

Pam Breck Kevin
$900 $2,500 $400

Scores at the end of the Jeopardy! Round:

Pam Breck Kevin
$1,200 $3,100 $2,500

Double Jeopardy! Round responses

MARTIN LUTHER KING
CELEBRITY COUPLES
EDUCATORS
OPERA
TRAVEL EUROPE
WOMEN NOVELISTS
    $200 7
Mahatma Gandhi

Pam
    $200 2
Ted Turner

Kevin
    $200 19
Harvard

Kevin
    $200 17
"The Little Mermaid"

Pam
    $200 12
Trafalgar Square

Triple Stumper
    $200 1
Judith Krantz

Kevin
    $400 8
Minister

Breck
    $400 3
Joanne Woodward

Pam
    $400 20
Christa McAuliffe

Pam
    $400 18
"Madame Butterfly"

Breck
    $400 13
(K: What is Japan?)

Iceland

PamKevin
    $400 21
(P: What is Wollstonecraft?)
(K: What is Shelley?)

Godwin

PamKevin
Triple Stumper
    $600 9
J. Edgar Hoover

Kevin
    $600 4
(K: Who are Eddie Fisher & Debbie Reynolds?)

Eddie Fisher & Connie Stevens

PamKevin
    $600 25
Booker T. Washington

Kevin
    $600 28
"Salome"

Breck
    $600 14
The Hague

Breck
    $600 22
Ayn Rand

Kevin
    $800 10
Character

Pam
    $800 5
Richard Benjamin

Pam
    $800 26
Jeane Kirkpatrick

Breck
    $800 29
Aaron Copland

Kevin
    $2,500 15
(B: What is Stockholm?)

Oslo, Norway

Breck
    $1,100 23
(K: Who is Agatha Christie?)

Sue Grafton

Kevin
    $1000 11
"Free At Last"

Breck
    $1000 6
Kate Capshaw

Kevin
    $1000 27
SI Hayakawa

Breck
    $1000 30
Jacques Offenbach

Pam
    $1000 16
Rouen

Breck
    $1000 24
Terry McMillan

Kevin

Scores at the end of the Double Jeopardy! Round:

Pam Breck Kevin
$5,600 $6,400 $5,200

[wagering suggestions for these scores]

Final Jeopardy! Round responses

AWARDS
KevinWho is Olivier?
$5,199
PamWho is Shakespeare?
$5,550
BreckWho is Olivier?
$4,801
Sir Laurence Olivier

Final scores:

Pam Breck Kevin
$50 $11,201 $10,399
3rd place: Swintec Single-Line Fax Machine New champion: $11,201 2nd place: Trip to Memphis, Tennessee

Game dynamics:

Coryat scores:

Pam Breck Kevin
$5,600 $8,300 $6,300
16 R,
3 W
18 R
(including 1 DD),
2 W
(including 1 DD)
19 R,
5 W
(including 1 DD)

Combined Coryat: $20,200

The J! Archive is created by fans, for fans. The Jeopardy! game show and all elements thereof, including but not limited to copyright and trademark thereto, are the property of Jeopardy Productions, Inc. and are protected under law. This website is not affiliated with, sponsored by, or operated by Jeopardy Productions, Inc. Join the discussion at JBoard.tv.